Metal Ages / Âges des métaux

محفوظ في:

المؤلف الرئيسي: Dirk Brandherm

التنسيق: كتاب

اللغة: Undetermined

الوصول للمادة أونلاين: Login to view Source

الوسوم: إضافة وسم

لا توجد وسوم, كن أول من يضع وسما على هذه التسجيلة!

رقم الطلب:

LEADER 00429nmm a2200133Ia 4500
008 240716s9999||||xx |||||||||||||||||und||
020 |a 9781803275390 
020 |a 9781803275406 
100 |a Dirk Brandherm 
245 1 0 |a Metal Ages / Âges des métaux  |c Dirk Brandherm 
264 |b Archaeopress Archaeology  |c 24-أغسطس-23 
856 4 0 |u http://library.arce.org:8087/Archaeopress/Products/9781803275390 
942 |2 lcc  |c EBOOK 
999 |c 59024  |d 59024